| 000 | 00465nam a2200193Ia 4500 | ||
|---|---|---|---|
| 003 | 0100 | ||
| 008 | 130227s9999 xx 000 0 und d | ||
| 040 | _cARRUPELIB | ||
| 050 | _aBX3747.Z3B63 | ||
| 100 | _aBodkin, William | ||
| 245 | _aMemoriale of the visitation of the Zambesi Mission 1924-1925 | ||
| 260 | _aLondon | ||
| 260 | _bJesuits | ||
| 260 | _C1925 | ||
| 300 | _a55p | ||
| 300 | _b 19cm | ||
| 650 | _bBible OT Psalms--Criticism | ||
| 942 |
_2lcc _01 |
||
| 999 |
_c1716 _d1716 |
||